000 01040nam a22003015i 4500
001 173738
003 ES-MaACL
005 20250728111829.0
008 100114s2009 sp |||| | spa d
020 _a978-84-9899-103-1
080 _a77"19"
245 0 0 _aReligiones y religiosos /
_cJosef Koudelka, Steve McCurry, Abbas, David Seymour ; [redacción, Vicente Ponce, Joan Soriano].
260 _a[Madrid] :
_bPúblico,
_c2009.
300 _a[32] p. :
_bprincipalmente fot. col. y n. ;
_c27 cm.
490 1 _aMaestros de la fotografía ;
_v4
650 1 7 _aReligiones
_2embne
_916814
650 4 _aReligiosos.
_916837
650 4 _aFotografía-
_yS.XX.
_9155849
700 1 _aKoudelka, Josef.
_9141937
700 1 _aMcCurry, Steve.
_9141932
700 1 _aAbbas, Jalai,
_d1944-
_9174097
700 1 _aSeymour, David.
_9141928
700 1 _aPonce, Vicente.
_9173428
700 1 _aSoriano, Joan.
_9173429
830 1 _aMaestros de la fotografía ;
_v4
_9189242
852 _aES-MaACL
_j2284-F-4
999 _c173738
_d173738